|
|
|
|
| LEADER |
00000nam0a2200000 4500 |
| 001 |
327994 |
| 005 |
20231102004021.0 |
| 010 |
|
|
|a 9785969303676
|
| 035 |
|
|
|a (RuTPU)RU\TPU\book\353683
|
| 090 |
|
|
|a 327994
|
| 100 |
|
|
|a 20170209d2016 km y0rusy50 ca
|
| 101 |
1 |
|
|a rus
|c eng
|
| 102 |
|
|
|a RU
|
| 105 |
|
|
|a y z 001zy
|
| 200 |
1 |
|
|a Блокчейн. Схема новой экономики
|e пер. с англ.
|f М. Свон
|
| 210 |
|
|
|a Москва
|c Олимп-Бизнес
|d 2016
|
| 215 |
|
|
|a 217 с.
|
| 225 |
1 |
|
|a Библиотека Сбербанка
|v Т. 69
|
| 320 |
|
|
|a Библиогр.: с. 189-210
|
| 320 |
|
|
|a Указ.: с. 213-217
|
| 330 |
|
|
|a Блокчейн — это многофункциональная и многоуровневая информационная технология, предназначенная для надежного учета различных активов. Потенциально эта технология охватывает все без исключения сферы экономической деятельности и имеет множество областей применения. В их числе: финансы и экономика; операции с материальными и нематериальными активами, учет в государственных и частных организациях и организациях смешанного типа. По сути, блокчейн — это новая организационная парадигма для координации любого вида человеческой деятельности. Возможно даже, что это наше будущее, о котором полезно узнать уже сегодня. Книга адресована тем, кто интересуется финансовыми инструментами и технологическими инновациями, в частности криптотехнологиями.
|
| 606 |
1 |
|
|a Электронные деньги
|2 stltpush
|3 (RuTPU)RU\TPU\subj\60224
|9 77660
|
| 610 |
1 |
|
|a экономика
|
| 610 |
1 |
|
|a финансовые рынки
|
| 610 |
1 |
|
|a блокчейн
|
| 610 |
1 |
|
|a информационные технологии
|
| 610 |
1 |
|
|a активы
|
| 610 |
1 |
|
|a биткойн
|
| 610 |
1 |
|
|a криптовалюта
|
| 610 |
1 |
|
|a краудфандинг
|
| 610 |
1 |
|
|a криптотехнологии
|
| 686 |
|
|
|a У826
|v LBC/SL-A
|2 rubbk
|
| 700 |
|
1 |
|a Свон
|b М.
|g Мелани
|
| 801 |
|
1 |
|a RU
|b 63413507
|c 20170209
|
| 801 |
|
2 |
|a RU
|b 63413507
|c 20170220
|g RCR
|
| 942 |
|
|
|c BK
|